[Event "BAN-chT Premier"]
[Site "Dhaka"]
[Date "2025.05.02"]
[Round "9.1"]
[White "Rabby, Salim"]
[Black "Md Anisur, Rahman"]
[Result "0-1"]
[WhiteElo "1974"]
[BlackElo "1790"]
[PlyCount "62"]
[EventDate "2025.04.24"]
[EventType "team-tourn"]
[EventRounds "9"]
[EventCountry "BAN"]
[SourceTitle "CB20_2025"]
[SourceDate "2025.05.14"]
[SourceVersion "1"]
[SourceVersionDate "2025.05.14"]
[SourceQuality "1"]
[WhiteTeam "Khelaghor Daba Sangah"]
[BlackTeam "Janata Bank Officer Welfare"]
[WhiteTeamCountry "BAN"]
[BlackTeamCountry "BAN"]

1. e4 e5 2. f4 d5 3. Nf3 exf4 4. e5 Bg4 5. d4 Nc6 6. c3 Bxf3 7. Qxf3 Qh4+ 8. Kd1 0-0-0 9. Bxf4 Qe7 10. Bb5 Qd7 11. Re1 Re8 12. Nd2 a6 13. Ba4 Nge7 14. Nf1 Ng6 15. Bg3 b5 16. Bb3 Rd8 17. Ne3 Kb8 18. Bxd5 Ncxe5 19. dxe5 Bc5 20. Kc2 Bxe3 21. Rad1 Bb6 22. Bxf7 Qe7 23. e6 Rhf8 24. Qc6 Ka7 25. Bxg6 hxg6 26. Rxd8 Rxd8 27. Rd1 Rxd1 28. Kxd1 Qf6 29. Bxc7 Qf1+ 30. Kc2 Qe2+ 31. Kb3 Qd1+ 0-1

[Event "BAN-chT Premier"]
[Site "Dhaka"]
[Date "2025.05.01"]
[Round "8.1"]
[White "Hrishin, Talukder"]
[Black "Rabby, Salim"]
[Result "1/2-1/2"]
[WhiteElo "2025"]
[BlackElo "1974"]
[PlyCount "79"]
[EventDate "2025.04.24"]
[EventType "team-tourn"]
[EventRounds "9"]
[EventCountry "BAN"]
[SourceTitle "CB20_2025"]
[SourceDate "2025.05.14"]
[SourceVersion "1"]
[SourceVersionDate "2025.05.14"]
[SourceQuality "1"]
[WhiteTeam "Dipali Memorial CC"]
[BlackTeam "Khelaghor Daba Sangah"]
[WhiteTeamCountry "BAN"]
[BlackTeamCountry "BAN"]

1. e4 Nc6 2. d4 e5 3. dxe5 Nxe5 4. Nf3 Qe7 5. Nc3 c6 6. Nxe5 Qxe5 7. f4 Qe6 8. Bd3 Bc5 9. Qe2 Nf6 10. e5 Nd5 11. Ne4 Be7 12. h4 f6 13. Bd2 fxe5 14. f5 Qf7 15. 0-0-0 Nf6 16. Bc4 d5 17. Ng5 Qf8 18. Qxe5 Ng4 19. Qe2 Bxf5 20. Rhf1 0-0-0 21. Bd3 g6 22. Bxf5+ gxf5 23. Ne6 Qe8 24. Nxd8 Bxd8 25. Qxe8 Rxe8 26. Rxf5 Bxh4 27. Rh1 Bd8 28. Rxh7 Ne5 29. Bg5 Nc4 30. Rh1 Nd6 31. Bxd8 Nxf5 32. Bf6 Re6 33. Rh8+ Kd7 34. Rh7+ Kc8 35. Bc3 Re2 36. g4 Ne3 37. Bd2 Nxg4 38. Bf4 Ne3 39. Rh8+ Kd7 40. Rh7+ 1/2-1/2

[Event "Dhaka Walton op"]
[Site "Dhaka"]
[Date "2021.06.18"]
[Round "4"]
[White "Rabby, Salim"]
[Black "Md, Sariatullah"]
[Result "1-0"]
[WhiteElo "1785"]
[BlackElo "2016"]
[PlyCount "89"]
[EventDate "2021.06.15"]
[EventType "swiss"]
[EventRounds "9"]
[EventCountry "BAN"]
[SourceTitle "EXT 2022"]
[Source "ChessBase"]
[SourceDate "2021.10.06"]
[SourceVersion "1"]
[SourceVersionDate "2021.10.06"]
[SourceQuality "1"]

1. d4 b6 2. Nf3 Bb7 3. Bf4 Nf6 4. Nc3 d6 5. d5 g6 6. e4 Bg7 7. Qd2 Nbd7 8. h3 h6 9. Bd3 c6 10. 0-0 g5 11. dxc6 Bxc6 12. Bg3 Nc5 13. e5 Nh5 14. Nd4 Nxg3 15. Nxc6 Nxf1 16. Bxf1 Qc7 17. Bb5 0-0 18. Nd5 Qb7 19. Ncxe7+ Kh8 20. Bc6 Qb8 21. Bxa8 Qxa8 22. exd6 Rd8 23. Nf5 Ne4 24. Qd3 Nxd6 25. Nxg7 Kxg7 26. Qd4+ Kg8 27. Ne7+ Kh7 28. Qf6 Qe4 29. Rd1 Qe6 30. Qxe6 fxe6 31. Nc6 Rd7 32. Nxa7 Rxa7 33. Rxd6 Rxa2 34. Rxb6 Ra1+ 35. Kh2 Re1 36. c4 Kg7 37. c5 Kf6 38. b4 Ke5 39. f3 h5 40. Rb8 Kd5 41. Kg3 Re2 42. Rg8 h4+ 43. Kh2 Re5 44. Kg1 Kc4 45. c6 1-0